[Event "Women's Speed Chess Q4"]
[Site "chess.com INT"]
[Date "2021.06.03"]
[Round "4"]
[White "Von Herman, Brigitte"]
[Black "Head, Louise"]
[Result "1-0"]
[WhiteTitle "WFM"]
[BlackTitle "WFM"]
[WhiteElo "1991"]
[BlackElo "2090"]
[WhiteFideId "4628730"]
[BlackFideId "424773"]
[EventDate "2021.06.03"]

1. e4 c6 2. d4 d5 3. exd5 cxd5 4. Bd3 Nc6 5. c3 g6 6. h3 Nh6 7. Nf3 Bf5 8. Be2
Bg7 9. O-O O-O 10. Bf4 f6 11. Re1 Nf7 12. c4 e5 13. dxe5 fxe5 14. Bh2 d4 15.
Nfd2 e4 16. Qb3 Qd7 17. Na3 Rad8 18. Rad1 Rfe8 19. c5 d3 20. Bg4 Bxg4 21. hxg4
Nd4 22. Qc4 Qxg4 23. Nb5 Nxb5 24. Qxb5 Re7 25. c6 bxc6 26. Qxc6 e3 27. fxe3 Rxe3
28. Nf3 Bd4 29. Kh1 Rde8 30. Rxe3 Rxe3 31. Qd5 Bb6 32. Rxd3 Rxd3 33. Qxd3 Qc8
34. Qc3 Qe6 35. Bg3 h6 36. Bf4 g5 37. Bd2 Qxa2 38. Qc8+ Kg7 39. Bc3+ Kg6 40.
Qc6+ Kh5 41. Qe4 Nd6 42. g4# 1-0

[Event "Women's Speed Chess Q4"]
[Site "chess.com INT"]
[Date "2021.06.03"]
[Round "4"]
[White "Sliwicka, Alicja"]
[Black "Gevorgyan, Maria"]
[Result "0-1"]
[WhiteTitle "WIM"]
[BlackTitle "WGM"]
[WhiteElo "2346"]
[BlackElo "2219"]
[WhiteFideId "1150677"]
[BlackFideId "13300270"]
[EventDate "2021.06.03"]

1. e4 c5 2. Nf3 Nc6 3. d4 cxd4 4. Nxd4 g6 5. c4 Nf6 6. Nc3 Nxd4 7. Qxd4 d6 8.
Be3 Bg7 9. f3 O-O 10. Qd2 a5 11. Rc1 a4 12. Be2 Qa5 13. O-O Be6 14. Nb5 Rfc8 15.
Rfd1 Qd8 16. Qb4 Nd7 17. Nd4 Nc5 18. Nxe6 Nxe6 19. c5 Qf8 20. cxd6 exd6 21. Rxd6
Rxc1+ 22. Bxc1 Be5 23. Rb6 Bd4+ 24. Kf1 Bc5 25. Qb5 Nc7 26. Rxg6+ hxg6 27. Qxb7
Qd6 28. Bg5 Qd4 29. Ke1 Qb4+ 30. Qxb4 Bxb4+ 31. Kd1 Ne6 32. Be3 Rd8+ 33. Kc1 Nd4
34. Ba6 a3 35. b3 Rd6 36. Bc4 Bc3 37. Bd5 Bb2+ 38. Kd2 Rd8 39. Kd3 Ne6 40. Kc4
Rc8+ 41. Kb4 Rc2 42. g4 Rxh2 43. f4 Re2 44. Bb6 Nxf4 45. Bc4 Rxe4 46. Bc7 Nd5+ 0-1

[Event "Women's Speed Chess Q4"]
[Site "chess.com INT"]
[Date "2021.06.03"]
[Round "4"]
[White "Padmini, Rout"]
[Black "Bodnaruk, Anastasia"]
[Result "1-0"]
[WhiteTitle "IM"]
[BlackTitle "IM"]
[WhiteElo "2370"]
[BlackElo "2457"]
[WhiteFideId "5029295"]
[BlackFideId "4181751"]
[EventDate "2021.06.03"]

1. e4 c5 2. Nf3 d6 3. c3 Nf6 4. Be2 Nbd7 5. d3 b6 6. O-O Bb7 7. Re1 g6 8. Nbd2
Bg7 9. Bf1 O-O 10. d4 cxd4 11. cxd4 e5 12. d5 a5 13. b3 Nc5 14. Ba3 Ba6 15. Bxa6
Rxa6 16. Qe2 Ra8 17. Bxc5 bxc5 18. Nc4 a4 19. Nfd2 Bh6 20. g3 Qc7 21. Qd3 Rfb8
22. Rab1 axb3 23. axb3 Rb4 24. Ra1 Rbb8 25. Ra4 Ne8 26. Rea1 Qd8 27. Na5 Qg5 28.
Nc6 Rxa4 29. Rxa4 Rc8 30. Nc4 Kg7 31. Ra7 Qc1+ 32. Kg2 Bg5 33. Qf3 Bf6 34. Nb6
Rc7 35. Ra8 Rb7 36. Nc4 Nc7 37. Nxd6 Nxa8 38. Ne8+ Kf8 39. Qxf6 Rxb3 40. Qh8# 1-0

[Event "Women's Speed Chess Q4"]
[Site "chess.com INT"]
[Date "2021.06.03"]
[Round "4"]
[White "Vu, Bui Thi Thanh Van"]
[Black "Tomilova, Elena"]
[Result "1-0"]
[WhiteTitle "WFM"]
[BlackTitle "WGM"]
[WhiteElo "1750"]
[BlackElo "2338"]
[WhiteFideId "12408921"]
[BlackFideId "4162340"]
[EventDate "2021.06.03"]

1. d4 Nf6 2. Nf3 e6 3. Nbd2 d5 4. e3 c5 5. c3 Nc6 6. Bd3 Bd6 7. O-O O-O 8. dxc5
Bxc5 9. e4 Bb6 10. Qe2 h6 11. Bc2 e5 12. Rd1 d4 13. Nb3 Bg4 14. Be3 Qc7 15. cxd4
exd4 16. Nbxd4 Rfe8 17. h3 Nxd4 18. Bxd4 Bxd4 19. Rxd4 Bxf3 20. gxf3 Rac8 21.
Bb3 Qf4 22. Qe3 Qh4 23. Kh2 Nh5 24. Rg1 Nf4 25. Rg3 Re5 26. Rd7 Rf8 27. Qe1 Rg5
28. Qf1 b6 29. Rxg5 Qxg5 30. Qg1 Qf6 31. Rd2 a5 32. Qg3 b5 33. Bd5 Kh7 34. Qg4
Rd8 35. Rd1 g5 36. h4 Qxb2 37. Rf1 Qe2 38. Qf5+ Kg7 39. Qxf7+ Kh8 40. Qf6+ Kh7
41. Qxd8 Qxf1 42. Qg8# 1-0

[Event "Women's Speed Chess Q4"]
[Site "chess.com INT"]
[Date "2021.06.03"]
[Round "4"]
[White "Chu, Ruotong"]
[Black "Obregon Garcia, Roxangel"]
[Result "1-0"]
[WhiteTitle "WIM"]
[BlackTitle "WIM"]
[WhiteElo "2207"]
[BlackElo "2167"]
[WhiteFideId "8605653"]
[BlackFideId "3520420"]
[EventDate "2021.06.03"]

1. d4 d5 2. Nf3 Nf6 3. g3 c5 4. Bg2 cxd4 5. Nxd4 e5 6. Nf3 Nc6 7. O-O Be7 8. c4
d4 9. e3 dxe3 10. Qxd8+ Bxd8 11. Bxe3 O-O 12. Bc5 Re8 13. Nc3 Bg4 14. h3 Be6 15.
b3 Ba5 16. Nb5 Ne4 17. Ba3 f5 18. Rfd1 Red8 19. Nd6 Nxd6 20. Bxd6 e4 21. Ng5 Bd7
22. h4 h6 23. Nh3 Bc3 24. Rac1 Bd4 25. Nf4 g5 26. hxg5 hxg5 27. Nd5 Kf7 28. Nc7
Rac8 29. Nb5 Be6 30. Bc7 Rd7 31. Nd6+ Rxd6 32. Bxd6 Rh8 33. b4 e3 34. Bxc6 exf2+
35. Kf1 bxc6 36. Kg2 Bb2 37. Rc2 Ba3 38. Kxf2 1-0

[Event "Women's Speed Chess Q4"]
[Site "chess.com INT"]
[Date "2021.06.03"]
[Round "4"]
[White "Agrest, Inna"]
[Black "Osmak, Iulija"]
[Result "0-1"]
[WhiteTitle "WIM"]
[BlackTitle "IM"]
[WhiteElo "2285"]
[BlackElo "2425"]
[WhiteFideId "1708830"]
[BlackFideId "14101602"]
[EventDate "2021.06.03"]

1. e4 e6 2. d4 d5 3. Nc3 Bb4 4. a3 Bxc3+ 5. bxc3 dxe4 6. Qg4 Nf6 7. Qxg7 Rg8 8.
Qh6 Bd7 9. Nh3 Ba4 10. Qd2 Nbd7 11. Nf4 c5 12. Be2 Qc7 13. Bd1 Rc8 14. Rb1 cxd4
15. cxd4 Bxc2 16. Bxc2 Qxc2 17. Qxc2 Rxc2 18. O-O b6 19. Re1 Ke7 20. a4 Ra2 21.
Rb4 Nd5 22. Nxd5+ exd5 23. Bf4 Rc8 24. Rb5 Ke6 25. f3 f5 26. fxe4 fxe4 27. Rb3
Rcc2 28. Rg3 Rxa4 29. Rg7 Raa2 30. Rf1 a5 31. Kh1 Rf2 32. Kg1 Rxf1+ 33. Kxf1 h5
34. h4 a4 35. g3 a3 36. Rg6+ Ke7 37. Bg5+ Kf7 38. Rd6 Nf8 39. Rxb6 Rb2 40. Ra6
a2 41. Ra7+ Ke6 42. Ra6+ Kf5 43. Rf6+ Kg4 44. Rxf8 a1=Q+ 0-1

[Event "Women's Speed Chess Q4"]
[Site "chess.com INT"]
[Date "2021.06.03"]
[Round "4"]
[White "Avramidou, Anastasia"]
[Black "Fominykh, Maria"]
[Result "0-1"]
[WhiteTitle "FM"]
[BlackTitle "WGM"]
[WhiteElo "2238"]
[BlackElo "2206"]
[WhiteFideId "4239873"]
[BlackFideId "4142411"]
[EventDate "2021.06.03"]

1. d4 Nf6 2. c4 g6 3. Nc3 Bg7 4. e4 d6 5. Bd3 O-O 6. Nge2 e5 7. d5 a5 8. O-O Na6
9. Kh1 Nd7 10. Be3 f5 11. exf5 gxf5 12. f4 Ndc5 13. Bc2 Nb4 14. a3 Nxc2 15. Qxc2
e4 16. Rad1 Nd3 17. Nc1 Nxc1 18. Qxc1 Qh4 19. Qd2 Rf6 20. h3 Rg6 21. Ne2 Bd7 22.
Bd4 Bh6 23. Qe3 Kf7 24. Qf2 Qe7 25. c5 Rag8 26. Rg1 Bb5 27. Nc3 Bd3 28. Rde1 Qd8
29. cxd6 cxd6 30. Bb6 Qa8 31. Bd4 b5 32. Re3 b4 33. Na4 Qxd5 34. Bb6 Qb5 35. Nc3
bxc3 36. Bd4 cxb2 37. Bxb2 Rb8 38. Bd4 Qd5 39. Bc3 Rb3 40. Bd2 Rb2 41. Rc1 Qb7 0-1

[Event "Women's Speed Chess Q4"]
[Site "chess.com INT"]
[Date "2021.06.03"]
[Round "4"]
[White "Tarini, Goyal"]
[Black "Kiolbasa, Oliwia"]
[Result "0-1"]
[WhiteTitle "WFM"]
[BlackTitle "WIM"]
[WhiteElo "2164"]
[BlackElo "2255"]
[WhiteFideId "5082749"]
[BlackFideId "1154613"]
[EventDate "2021.06.03"]

1. d4 Nf6 2. c4 b6 3. Nf3 Bb7 4. Nc3 e6 5. a3 d5 6. e3 Bd6 7. Bd3 Nbd7 8. O-O
O-O 9. b3 c5 10. Bb2 Rc8 11. dxc5 bxc5 12. Rc1 Ne5 13. Nb5 Nxf3+ 14. Qxf3 dxc4
15. Qxb7 cxd3 16. Bxf6 gxf6 17. Nxa7 Rb8 18. Qe4 Rxb3 19. a4 d2 20. Rcd1 Bc7 21.
Nb5 Ba5 22. Qg4+ Kh8 23. Qh5 Rb4 24. Nc3 Rc4 25. Ne2 Rxa4 26. Ng3 c4 27. Qh4 Rb4
28. Nh5 c3 29. Qh3 Rb5 30. Ra1 Rxh5 31. Qxh5 c2 32. Qxa5 Qxa5 33. Rxa5 d1=Q 34.
Rc5 Qd2 35. h3 Rd8 36. Rc4 Rd3 37. Rc8+ Kg7 38. Rc7 Rc3 39. Re7 c1=Q 40. Rxc1
Rxc1+ 41. Kh2 Qxf2 42. Rc7 Rxc7 43. Kh1 Rc2 44. Kh2 Qxg2# 0-1

[Event "Women's Speed Chess Q4"]
[Site "chess.com INT"]
[Date "2021.06.03"]
[Round "4"]
[White "Zaichenko, Daria"]
[Black "Matveeva, Olga"]
[Result "1-0"]
[WhiteTitle "WFM"]
[BlackTitle "WIM"]
[WhiteElo "2104"]
[BlackElo "2145"]
[WhiteFideId "4197453"]
[BlackFideId "24107018"]
[EventDate "2021.06.03"]

1. e4 e6 2. d4 d5 3. e5 c5 4. c3 Qb6 5. Nf3 Nc6 6. a3 Nh6 7. b4 cxd4 8. cxd4 Nf5
9. Bb2 Bd7 10. g4 Nh6 11. h3 Be7 12. Bd3 f6 13. exf6 gxf6 14. Nc3 Nf7 15. Ne2 h5
16. gxh5 Rxh5 17. Nf4 Rh6 18. Qd2 O-O-O 19. O-O-O Kb8 20. Kb1 Rc8 21. Rc1 Bd6
22. Qe3 Re8 23. Bg6 Bxf4 24. Qxf4+ e5 25. dxe5 Rxg6 26. e6+ Nfe5 27. exd7 Rd8
28. Nxe5 fxe5 29. Bxe5+ Nxe5 30. Qxe5+ Qd6 31. Rc8+ Rxc8 32. dxc8=Q+ Kxc8 33.
Qe8+ Kc7 34. Rc1+ Kb6 35. Qe3+ d4 36. Qe8 a6 37. Qe4 Re6 38. Qd3 Qd5 39. Rc5
Qh1+ 40. Kb2 Re1 41. Qxd4 Rb1+ 42. Ka2 Qd1 43. Rb5+ Kc7 44. Qg7+ Kd6 45. Qe5+
Kc6 46. Qc5+ Kd7 47. Qd5+ Qxd5+ 48. Rxd5+ Ke6 49. Kxb1 Kxd5 50. Kc2 1-0

[Event "Women's Speed Chess Q4"]
[Site "chess.com INT"]
[Date "2021.06.03"]
[Round "4"]
[White "Vargas, Gabriela"]
[Black "Dong, Khanh Linh"]
[Result "1/2-1/2"]
[WhiteTitle "WIM"]
[BlackTitle "WCM"]
[WhiteElo "2170"]
[BlackElo "1970"]
[WhiteFideId "3700860"]
[BlackFideId "12403040"]
[EventDate "2021.06.03"]

1. d4 Nf6 2. Nf3 e6 3. Bg5 Be7 4. Nbd2 O-O 5. c3 b6 6. e3 Bb7 7. Bd3 c5 8. O-O
Nc6 9. Qe2 d5 10. Ne5 Nxe5 11. dxe5 Ne4 12. Bxe7 Qxe7 13. Bxe4 dxe4 14. Qg4 Qc7
15. Nxe4 Qxe5 16. Ng3 Rad8 17. Rfd1 Rd5 18. Rxd5 Bxd5 19. Nh5 f5 20. Qg5 g6 21.
Re1 Kf7 22. f4 Qh8 23. Ng3 h6 24. Qh4 Rd8 25. e4 fxe4 26. Nxe4 Bxe4 27. Rxe4
Rd1+ 28. Re1 Qd8 29. Qxd8 Rxd8 30. Re2 Kf6 31. Kf2 Kf5 32. Kf3 h5 33. g3 Rd3+
34. Kg2 Rd5 35. h3 b5 36. a3 c4 37. Kf2 e5 38. fxe5 Rxe5 39. g4+ hxg4 40. hxg4+
Kf4 41. Rxe5 Kxe5 42. Ke3 g5 43. Kf3 Kd5 44. Ke3 a5 45. Kf3 Ke5 46. Ke3 Kd5 47.
Kf3 Ke5 48. Ke3 Kd5 1/2-1/2

[Event "Women's Speed Chess Q4"]
[Site "chess.com INT"]
[Date "2021.06.03"]
[Round "4"]
[White "Petrova, Irina"]
[Black "Zakirova, Aisha"]
[Result "1-0"]
[WhiteTitle "WIM"]
[BlackTitle "WCM"]
[WhiteElo "2110"]
[BlackElo "1585"]
[WhiteFideId "14124122"]
[BlackFideId "13719734"]
[EventDate "2021.06.03"]

1. e4 c5 2. Nf3 d6 3. Bb5+ Nd7 4. O-O a6 5. Bxd7+ Bxd7 6. d4 cxd4 7. Qxd4 e5 8.
Qd3 Rc8 9. a4 h6 10. c4 Nf6 11. Nc3 Be7 12. b3 O-O 13. Ba3 Bc6 14. Rfd1 Re8 15.
Nd2 Qc7 16. Nf1 b6 17. Ne3 Qb7 18. Ned5 Nxd5 19. Nxd5 Bf8 20. Qg3 Kh8 21. Rd3 b5
22. a5 bxc4 23. bxc4 Bxd5 24. Rxd5 Rxc4 25. Qd3 Rec8 26. h3 Rc3 27. Qe2 Rc2 28.
Qf3 R2c3 29. Rd3 Rxd3 30. Qxd3 Qc6 31. Rb1 Qa4 32. Bc1 Qa2 33. Bd2 Rc2 34. Rd1
Rb2 35. Be1 Rb3 36. Qxa6 Qc2 37. Ra1 Rb2 38. Qa8 Qe2 39. Qxf8+ Kh7 40. Qxf7 Qc2
41. Qf5+ Kh8 42. a6 Rb1 43. Rxb1 Qxb1 44. Qc8+ Kh7 45. Qc3 1-0

[Event "Women's Speed Chess Q4"]
[Site "chess.com INT"]
[Date "2021.06.03"]
[Round "4"]
[White "Luong, Phuong Hanh"]
[Black "Enkhtuul, Altan-Ulzii"]
[Result "1-0"]
[WhiteTitle "WIM"]
[BlackTitle "WGM"]
[WhiteElo "2229"]
[BlackElo "2228"]
[WhiteFideId "12401013"]
[BlackFideId "4901444"]
[EventDate "2021.06.03"]

1. d4 Nf6 2. Nf3 g6 3. g3 Bg7 4. Bg2 O-O 5. O-O d5 6. c4 c6 7. Qb3 Nbd7 8. cxd5
cxd5 9. Nc3 Nb6 10. Bf4 a6 11. Rac1 Nh5 12. Bd2 Nf6 13. Ne5 Bf5 14. Bg5 h6 15.
Bxf6 exf6 16. Nf3 Be4 17. Nxe4 dxe4 18. Nd2 f5 19. e3 Nd5 20. Qxb7 Rb8 21. Qxa6
Rxb2 22. Nc4 Rb8 23. a3 Ra8 24. Qc6 Rc8 25. Qa4 h5 26. Rfd1 h4 27. Bf1 hxg3 28.
hxg3 Qg5 29. Qb5 Nc7 30. Qa5 Ne6 31. Bg2 Ra8 32. Qd2 Qg4 33. Bf1 Ng5 34. Bg2
Nf3+ 35. Bxf3 exf3 36. Qd3 Bf6 37. Qf1 Kg7 38. Ne5 Bxe5 39. dxe5 Rh8 40. Rc4 Qg5
41. e6 Rh7 42. Rc7 Rf8 43. Rdd7 Qh6 44. Rxf7+ Rxf7 45. Rxf7+ Kg8 46. Rxh7 Kxh7
47. Qd1 g5 48. Qd7+ Qg7 49. e7 Qa1+ 50. Kh2 Qf1 51. e8=Q+ Kh6 52. Qde6+ Kg7 53.
Q6g6# 1-0

[Event "Women's Speed Chess Q4"]
[Site "chess.com INT"]
[Date "2021.06.03"]
[Round "4"]
[White "Kanyamarala, Trisha"]
[Black "Adam, Ernestina"]
[Result "1-0"]
[WhiteTitle "WIM"]
[BlackTitle "WCM"]
[WhiteElo "2180"]
[BlackElo "1354"]
[WhiteFideId "45004722"]
[BlackFideId "165883"]
[EventDate "2021.06.03"]

1. d4 Nf6 2. c4 g6 3. Nc3 Bg7 4. e4 d6 5. Nf3 O-O 6. Be2 Nbd7 7. O-O e5 8. d5 a5
9. h3 Nc5 10. Qc2 Nfd7 11. Rb1 f5 12. Ng5 Bf6 13. Ne6 Nxe6 14. dxe6 Nc5 15. exf5
gxf5 16. Qxf5 Bxe6 17. Qh5 Bf7 18. Qg4+ Kh8 19. Nd5 Rg8 20. Qf3 Bxd5 21. Qxd5
Qd7 22. Bg4 Qg7 23. Be3 c6 24. Qxd6 Ne4 25. Qd3 Qg6 26. Bf3 Ng5 27. Qxg6 Nxf3+
28. gxf3 Rxg6+ 29. Kh2 Rd8 30. Rbd1 Rdg8 31. Rg1 e4 32. fxe4 Bxb2 33. Rxg6 Rxg6
34. Rb1 Be5+ 35. f4 Bd6 36. Rxb7 Re6 37. Bd4+ Kg8 38. e5 Be7 39. f5 Rh6 40. Rxe7
Rh4 41. Bb6 Rxc4 42. f6 Rc2+ 43. Kg3 Rc3+ 44. Kf4 Rc4+ 45. Kf5 Rc1 46. Rg7+ Kf8
47. Bc7 Rf1+ 48. Ke6 Re1 49. Bd6+ Ke8 50. Rg8# 1-0

[Event "Women's Speed Chess Q4"]
[Site "chess.com INT"]
[Date "2021.06.03"]
[Round "4"]
[White "Gaponenko, Inna"]
[Black "Jakubowska, Anna"]
[Result "1/2-1/2"]
[WhiteTitle "IM"]
[BlackTitle "WIM"]
[WhiteElo "2357"]
[BlackElo "2073"]
[WhiteFideId "14101181"]
[BlackFideId "1121952"]
[EventDate "2021.06.03"]

1. e4 Nf6 2. e5 Nd5 3. c4 Nb6 4. c5 Nd5 5. Bc4 e6 6. d4 d6 7. cxd6 cxd6 8. Nf3
Nc6 9. O-O dxe5 10. dxe5 Be7 11. Qe2 O-O 12. Nbd2 b6 13. Ne4 Na5 14. Bb5 Bd7 15.
Bd3 Rc8 16. Neg5 h6 17. Nh7 Re8 18. Qe4 Bc6 19. Qg4 Ne3 20. Bxe3 Qxd3 21. Nf6+
Bxf6 22. exf6 Qg6 23. Qxg6 fxg6 24. Ne5 gxf6 25. Nxg6 Kg7 26. Nf4 Nc4 27. Rfe1
e5 28. Nh5+ Kg6 29. g4 Nxb2 30. f4 exf4 31. Nxf4+ Kf7 32. Kf2 Re4 33. Rac1 Rxf4+
34. Bxf4 Nd3+ 35. Kg3 Nxc1 36. Rxc1 Bd7 37. Rf1 Kg6 38. Rf3 Be6 39. a3 Rc4 40.
h4 b5 41. h5+ Kg7 42. Re3 Rc6 43. Re4 a5 44. Kh4 Rb6 45. Bd2 a4 46. Bc3 Bc4 47.
Rf4 Rd6 48. Bb4 Re6 49. Bc3 Kf7 50. Bb4 Kg7 51. Bc3 Kf7 52. Bb4 Kg7 1/2-1/2

[Event "Women's Speed Chess Q4"]
[Site "chess.com INT"]
[Date "2021.06.03"]
[Round "4"]
[White "Doluhanova, Evgeniya"]
[Black "Nandhidhaa, P V"]
[Result "0-1"]
[WhiteTitle "WGM"]
[BlackTitle "WGM"]
[WhiteElo "2207"]
[BlackElo "2365"]
[WhiteFideId "14112035"]
[BlackFideId "5050847"]
[EventDate "2021.06.03"]

1. e4 g6 2. d4 Bg7 3. Nf3 c6 4. Bf4 d5 5. Nbd2 dxe4 6. Nxe4 Nf6 7. Bd3 O-O 8.
Nxf6+ exf6 9. O-O Bg4 10. c3 Nd7 11. h3 Be6 12. Re1 Re8 13. Qd2 c5 14. Bh6 cxd4
15. Nxd4 Ne5 16. Bb5 Bd7 17. Bxd7 Qxd7 18. Bxg7 Kxg7 19. Rad1 Rad8 20. Qc2 Qc8
21. Qb3 Nc4 22. Rxe8 Rxe8 23. Nf3 Re2 24. Rd4 Nxb2 25. Qb5 Rc2 26. Rd7 Qc6 27.
Rxb7 Qxb5 28. Rxb5 Nd3 29. Ra5 Nxf2 30. Rxa7 Ne4 31. Nd4 Rxc3 32. Ne6+ Kh6 33.
Rxf7 Ra3 34. Nf8 Ng5 35. Rxf6 Rxa2 36. h4 Ne4 37. Rf7 Kh5 38. Rxh7+ Kg4 39. Nxg6
Kg3 40. Kf1 Rf2+ 41. Ke1 Rxg2 42. Ne5 Kf4 43. Nd3+ Ke3 44. Rf7 Re2+ 45. Kf1 Nd2+ 0-1

[Event "Women's Speed Chess Q4"]
[Site "chess.com INT"]
[Date "2021.06.03"]
[Round "4"]
[White "Mammadova, Gulnar"]
[Black "Yu, Jennifer"]
[Result "1/2-1/2"]
[WhiteTitle "IM"]
[BlackTitle "FM"]
[WhiteElo "2382"]
[BlackElo "2312"]
[WhiteFideId "13403508"]
[BlackFideId "2078341"]
[EventDate "2021.06.03"]

1. e4 g6 2. d4 Bg7 3. Nc3 d6 4. Nf3 a6 5. a4 Nf6 6. h3 O-O 7. Be2 b6 8. Be3 Bb7
9. e5 dxe5 10. dxe5 Nd5 11. Nxd5 Qxd5 12. Qxd5 Bxd5 13. O-O-O e6 14. c4 Bc6 15.
b3 Nd7 16. Bd4 Rfd8 17. Rhe1 b5 18. cxb5 axb5 19. Bxb5 Bxb5 20. axb5 Rab8 21.
Rd3 Rxb5 22. Red1 Rdb8 23. Bc3 Rxb3 24. Kc2 Nc5 25. Rd8+ Bf8 26. Rxb8 Rxb8 27.
Nd4 Ne4 28. Be1 c5 29. Ne2 c4 30. Rd4 Nc5 31. Rxc4 Nd7 32. f4 Nb6 33. Re4 Nd5
34. g4 Bc5 35. Bd2 Ra8 36. Rc4 Bf2 37. Nc3 Nxc3 38. Bxc3 Kg7 39. Kd3 Rd8+ 40.
Ke2 Bb6 41. Rc6 Bd4 42. Ba5 Rd5 43. Bd2 g5 44. fxg5 Rxe5+ 45. Kd3 Rd5 46. Ke4
Bb2 47. Be3 Re5+ 48. Kf3 Rd5 49. Rc8 Bd4 50. Bc1 Bb6 51. h4 Bd4 52. Bf4 Be5 53.
Bc1 Ba1 54. Bf4 Be5 55. Be3 Bd4 56. Bc1 Rc5 57. Rxc5 Bxc5 58. h5 f6 59. Bb2 e5
60. Ke4 fxg5 61. Bxe5+ Kf7 62. Kf5 h6 63. Bf6 Bd6 64. Bd4 Be7 65. Be5 Bf8 66.
Bd4 Be7 67. Be5 Bf8 68. Bd4 Be7 1/2-1/2

[Event "Women's Speed Chess Q4"]
[Site "chess.com INT"]
[Date "2021.06.03"]
[Round "4"]
[White "Belenkaya, Dina"]
[Black "Szente Varga, Fruzsina"]
[Result "1-0"]
[WhiteTitle "WGM"]
[BlackTitle "WFM"]
[WhiteElo "2304"]
[BlackElo "2100"]
[WhiteFideId "24142654"]
[BlackFideId "712264"]
[EventDate "2021.06.03"]

1. e4 e5 2. Nf3 Nc6 3. Bb5 a6 4. Ba4 Nf6 5. d3 b5 6. Bb3 Be7 7. c3 O-O 8. O-O d6
9. Re1 Bg4 10. h3 Bh5 11. Nbd2 Na5 12. Bc2 c5 13. Nf1 Nc6 14. Ng3 Bg6 15. Bg5
Re8 16. Nf5 Bf8 17. g4 b4 18. Ba4 Rc8 19. cxb4 cxb4 20. Rc1 Qb6 21. Bxf6 gxf6
22. Qd2 Red8 23. Kg2 Ne7 24. h4 h5 25. Nh2 Rxc1 26. Rxc1 d5 27. Qe2 dxe4 28.
dxe4 hxg4 29. Qxg4 Kh7 30. Nxe7 Bxe7 31. h5 Rg8 32. Kf1 Qd4 33. hxg6+ Rxg6 34.
Qh3+ Rh6 35. Qf5+ Rg6 36. Ng4 Qxb2 37. Rc8 Qb1+ 38. Kg2 Kg7 39. Bc2 Qc1 40. Qh5
Rxg4+ 41. Qxg4+ Qg5 42. Qxg5+ fxg5 43. Bd3 a5 44. Rc6 f6 45. Kf3 Kf7 46. Bc4+
Ke8 47. Ra6 Bd8 48. Re6+ Kd7 49. Ra6 Kc7 50. Bd5 Kd7 51. Ra7+ Kd6 52. Ra8 Bc7
53. Rf8 Ke7 54. Rf7+ Kd6 55. Rxf6+ Kc5 56. Rf7 Kd4 57. Rxc7 a4 58. Ke2 b3 59.
Rc4# 1-0

[Event "Women's Speed Chess Q4"]
[Site "chess.com INT"]
[Date "2021.06.03"]
[Round "4"]
[White "Pandey, Srishti"]
[Black "Priyanka, K"]
[Result "1-0"]
[WhiteTitle "WFM"]
[BlackTitle "WIM"]
[WhiteElo "2026"]
[BlackElo "2218"]
[WhiteFideId "35093290"]
[BlackFideId "5082986"]
[EventDate "2021.06.03"]

1. d4 Nf6 2. c4 g6 3. Nc3 Bg7 4. e4 d6 5. Bd3 O-O 6. Nge2 e5 7. O-O Nc6 8. d5
Ne7 9. Kh1 Nd7 10. Ng3 f5 11. exf5 Nxf5 12. Bxf5 gxf5 13. f4 e4 14. Nh5 Bh8 15.
Be3 Nf6 16. Nxf6+ Qxf6 17. Nb5 Qxb2 18. Rb1 Qg7 19. Bd4 Qe7 20. Rb3 Bxd4 21.
Qxd4 Rf6 22. Re1 Rg6 23. Ree3 a6 24. Na3 Qg7 25. Qd2 b6 26. Nc2 Bd7 27. Rg3 Kf7
28. Rxg6 hxg6 29. Nd4 Rh8 30. Kg1 Qh6 31. Rh3 Qg7 32. Rg3 Rh4 33. Ra3 a5 34. g3
Rh8 35. Rb3 Rg8 36. Rb1 g5 37. Ne2 gxf4 38. Nxf4 Qe5 39. Qe2 Qxf4 40. Qh5+ Kf8
41. Rf1 Qg5 42. Qe2 Ke8 43. Kf2 Qg4 44. Qe3 Qg5 45. Qe2 Qg4 46. Qe3 Rh8 47. Kg1
Qh3 48. Rf2 Qg4 49. Rf1 Qh5 50. Rf2 Qd1+ 51. Rf1 Kd8 52. Rxd1 Be8 53. Qd4 Rg8
54. Qe3 1-0

[Event "Women's Speed Chess Q4"]
[Site "chess.com INT"]
[Date "2021.06.03"]
[Round "4"]
[White "Buksa, Nataliya"]
[Black "Nikolova, Adriana"]
[Result "1-0"]
[WhiteTitle "IM"]
[BlackTitle "WGM"]
[WhiteElo "2414"]
[BlackElo "2243"]
[WhiteFideId "14123622"]
[BlackFideId "2908689"]
[EventDate "2021.06.03"]

1. e4 c6 2. Nc3 d5 3. Nf3 dxe4 4. Nxe4 Nf6 5. Qe2 Nxe4 6. Qxe4 Nd7 7. Bc4 Nf6 8.
Ne5 e6 9. Qe2 Bd6 10. d4 O-O 11. O-O Nd5 12. c3 Bc7 13. Bd3 Qd6 14. g3 c5 15.
Bg5 cxd4 16. cxd4 b6 17. Qh5 f5 18. Qh4 Bb7 19. Rad1 Rae8 20. Rfe1 a6 21. a3 Nf6
22. Bc4 Ne4 23. Bf4 Qe7 24. Qxe7 Rxe7 25. Bb3 Rd8 26. f3 Nf6 27. Kf2 b5 28. Nd3
Bb6 29. Be5 Bd5 30. Bxd5 Rxd5 31. Nf4 Rd8 32. Bxf6 gxf6 33. Nxe6 Rde8 34. Nf4
Bxd4+ 35. Kf1 Rxe1+ 36. Rxe1 Rxe1+ 37. Kxe1 Bxb2 38. Nd5 Bxa3 39. Nc7 b4 40. Kd2
a5 41. Kc2 a4 42. Nb5 b3+ 43. Kc3 Bd6 44. Nxd6 Kg7 45. Nxf5+ Kg6 46. Nd4 Kg5 47.
Ne6+ Kf5 48. Nc5 a3 49. Kxb3 Ke5 50. Kxa3 Kd4 51. Nd7 f5 52. Nf6 h6 53. Ng8 h5
54. Nf6 Ke3 55. f4 Kf3 56. Nxh5 Kg2 57. Ng7 Kxh2 58. Nxf5 Kh3 59. Nd4 Kg4 60.
Ne2 Kf5 61. Kb4 Kg4 62. Kc3 Kf5 63. Kd2 Kf6 64. Ke3 Kg6 65. Kf3 Kf6 66. g4 Ke6
67. f5+ Kf7 68. Kf4 Kf6 69. g5+ Kf7 70. Ng3 Kf8 71. Ne4 Ke7 72. Ke5 Kf7 73. f6 1-0

[Event "Women's Speed Chess Q4"]
[Site "chess.com INT"]
[Date "2021.06.03"]
[Round "4"]
[White "Kulkarni, Bhakti"]
[Black "Antolak, Julia"]
[Result "0-1"]
[WhiteTitle "IM"]
[BlackTitle "WIM"]
[WhiteElo "2391"]
[BlackElo "2306"]
[WhiteFideId "5019516"]
[BlackFideId "1159569"]
[EventDate "2021.06.03"]

1. d4 Nf6 2. Nf3 g6 3. Bf4 Bg7 4. e3 d6 5. h3 Nbd7 6. Be2 O-O 7. O-O Re8 8. Bh2
b6 9. c4 Bb7 10. Nc3 e5 11. d5 a5 12. e4 Nc5 13. Nd2 Nfd7 14. b3 f5 15. f3 f4
16. a3 Nf6 17. b4 Ncd7 18. Nb3 axb4 19. axb4 g5 20. c5 bxc5 21. bxc5 dxc5 22.
Na5 Qc8 23. Nxb7 Qxb7 24. Bb5 Rxa1 25. Qxa1 Ra8 26. Qb2 Qb6 27. Qe2 Bf8 28. Qc4
Bd6 29. Rb1 Qa5 30. Bc6 Nb6 31. Qb5 Qxb5 32. Nxb5 Rb8 33. Kh1 Nc8 34. Ra1 Kf7
35. Bg1 Ne7 36. Ra5 Rb6 37. Nxd6+ cxd6 38. Ra7 Rb1 39. Kh2 Nh5 40. Bf2 c4 41.
Bd7 c3 42. Rc7 Rc1 43. Be6+ Kf6 44. Bd7 Ng7 45. Ba4 h5 46. g3 fxg3+ 47. Kxg3 h4+
48. Kh2 Nh5 49. Be3 Re1 50. Rxc3 Re2+ 51. Kg1 Ng3 52. Bb5 Rb2 53. Bd3 Ng6 54.
Rc6 Nf4 55. Bxf4 exf4 56. Rxd6+ Ke5 57. Rg6 Kd4 58. Ba6 Ke3 59. d6 Kxf3 0-1